Soil Dynamics and Soil-Structure Interaction for Resilient Infrastructure Proceedings of the 1st GeoMEast International Congress and Exhibition, Egypt 2017 on Sustainable Civil Infrastructures /

Infrastructure is the key to creating a sustainable community. It affects our future well-being as well as the economic climate. Indeed, the infrastructure we are building today will shape tomorrow's communities. GeoMEast 2017 created a venue for researchers and practitioners from all over the...

Full description

Bibliographic Details
Corporate Author: SpringerLink (Online service)
Other Authors: Abdoun, Tarek (Editor, http://id.loc.gov/vocabulary/relators/edt), Elfass, Sherif (Editor, http://id.loc.gov/vocabulary/relators/edt)
Format: Electronic eBook
Language:English
Published: Cham : Springer International Publishing : Imprint: Springer, 2018.
Edition:1st ed. 2018.
Series:Sustainable Civil Infrastructures,
Subjects:
Online Access:Full Text via HEAL-Link
LEADER 03737nam a2200541 4500
001 978-3-319-63543-9
003 DE-He213
005 20191021201859.0
007 cr nn 008mamaa
008 170711s2018 gw | s |||| 0|eng d
020 |a 9783319635439  |9 978-3-319-63543-9 
024 7 |a 10.1007/978-3-319-63543-9  |2 doi 
040 |d GrThAP 
050 4 |a TA703-705.4 
072 7 |a RB  |2 bicssc 
072 7 |a SCI019000  |2 bisacsh 
072 7 |a RB  |2 thema 
082 0 4 |a 624.151  |2 23 
245 1 0 |a Soil Dynamics and Soil-Structure Interaction for Resilient Infrastructure  |h [electronic resource] :  |b Proceedings of the 1st GeoMEast International Congress and Exhibition, Egypt 2017 on Sustainable Civil Infrastructures /  |c edited by Tarek Abdoun, Sherif Elfass. 
250 |a 1st ed. 2018. 
264 1 |a Cham :  |b Springer International Publishing :  |b Imprint: Springer,  |c 2018. 
300 |a VIII, 234 p. 185 illus.  |b online resource. 
336 |a text  |b txt  |2 rdacontent 
337 |a computer  |b c  |2 rdamedia 
338 |a online resource  |b cr  |2 rdacarrier 
347 |a text file  |b PDF  |2 rda 
490 1 |a Sustainable Civil Infrastructures,  |x 2366-3405 
505 0 |a The deflection and bending moment of existing piles influenced by trenching diaphragm wall panel(s) -- Treatment of a landslide by using piles system, case study of the East-West highway of Algeria -- centrifuge modeling of mine tailings and waste rock co-mixing, consolidation and dynamic loading -- probabilistic assessment of liquefaction potential of guwahati city -- lateral response of socketed pile under cyclic load. 
520 |a Infrastructure is the key to creating a sustainable community. It affects our future well-being as well as the economic climate. Indeed, the infrastructure we are building today will shape tomorrow's communities. GeoMEast 2017 created a venue for researchers and practitioners from all over the world to share their expertise to advance the role of innovative geotechnology in developing sustainable infrastructure. This volume focuses on the role of soil-structure-interaction and soil dynamics. It discusses case studies as well as physical and numerical models of geo-structures. It covers: Soil-Structure-Interaction under static and dynamic loads, dynamic behavior of soils, and soil liquefaction. It is hoped that this volume will contribute to further advance the state-of-the-art for the next generation infrastructure. This volume is part of the proceedings of the 1st GeoMEast International Congress and Exhibition on Sustainable Civil Infrastructures, Egypt 2017. 
650 0 |a Geotechnical engineering. 
650 0 |a Buildings-Design and construction. 
650 0 |a Building. 
650 0 |a Construction. 
650 0 |a Engineering, Architectural. 
650 0 |a Engineering design. 
650 1 4 |a Geotechnical Engineering & Applied Earth Sciences.  |0 http://scigraph.springernature.com/things/product-market-codes/G37010 
650 2 4 |a Building Construction and Design.  |0 http://scigraph.springernature.com/things/product-market-codes/T23012 
650 2 4 |a Engineering Design.  |0 http://scigraph.springernature.com/things/product-market-codes/T17020 
700 1 |a Abdoun, Tarek.  |e editor.  |4 edt  |4 http://id.loc.gov/vocabulary/relators/edt 
700 1 |a Elfass, Sherif.  |e editor.  |4 edt  |4 http://id.loc.gov/vocabulary/relators/edt 
710 2 |a SpringerLink (Online service) 
773 0 |t Springer eBooks 
776 0 8 |i Printed edition:  |z 9783319635422 
776 0 8 |i Printed edition:  |z 9783319635446 
830 0 |a Sustainable Civil Infrastructures,  |x 2366-3405 
856 4 0 |u https://doi.org/10.1007/978-3-319-63543-9  |z Full Text via HEAL-Link 
912 |a ZDB-2-EES 
950 |a Earth and Environmental Science (Springer-11646)